[Event "Individual Zaragoza Primera 2015"]
[Site ""]
[Date "2015.11.15"]
[Round "7.6"]
[White "Aviol Pérez José Mariano"]
[Black "Gastón Cabello Jorge"]
[Result "1-0"]
[WhiteElo "1820"]
[BlackElo "1731"]

1.d4 d5 2.Nf3 Nf6 3.c4 c6 4.Nc3 a6 5.e3 b5 6.b3 Bg4 7.Bb2 Nbd7 8.Bd3 e5 9.cxd5
cxd5 10.dxe5 Nxe5 11.Be2 Nxf3+ 12.Bxf3 Bxf3 13.Qxf3 Bb4 14.O-O O-O 15.Rfd1
Bxc3 16.Bxc3 Ne4 17.Bb2 Qg5 18.h4 Qxh4 19.Rxd5 Rac8 20.Rh5 Qxf2+ 21.Qxf2 Nxf2
22.Ba3 Rfd8 23.Kxf2 Rc2+ 24.Kf3 Rdd2 25.g4 Rg2 26.Rc1 Rcf2+ 27.Ke4 g6 28.Rc8+
Kg7 29.Bf8+ Kf6 30.Rc6# 1-0

[Event "Individual Zaragoza Primera 2015"]
[Site ""]
[Date "2015.11.15"]
[Round "7.7"]
[White "Garcia Garcia Enrique"]
[Black "Obon Zuñiga Francisco"]
[Result "1/2-1/2"]
[WhiteElo "1750"]
[BlackElo "1807"]

1.e4 c6 2.d4 d5 3.exd5 cxd5 4.c4 Nf6 5.Nc3 g6 6.Qb3 Bg7 7.Nf3 O-O 8.cxd5 Nbd7
9.Bc4 Nb6 10.O-O Bf5 11.Ne5 Rc8 12.d6 Nxc4 13.dxe7 Qxe7 14.Nxc4 Bd3 15.Ne5
Bxf1 16.Kxf1 Rfd8 17.Be3 b6 18.Re1 Qe6 19.Qb5 Nd5 20.Nxd5 Rxd5 21.Qb3 Bxe5 22.
Bf4 Rxd4 23.Qxe6 fxe6 24.Bxe5 Rd5 25.Bc3 Kf7 26.Re4 Rcd8 27.Ke2 Rf5 28.g4 Rfd5
29.Rf4+ Ke8 30.Bb4 Re5+ 31.Kf3 Rd3+ 32.Kg2 Rb5 33.Rf8+ Kd7 34.Bc3 Ke7 35.Rh8
h5 36.Rh7+ Kf8 37.Rxa7 hxg4 38.a3 Rf5 39.Rb7 Rdf3 40.Bd4 b5 41.Be3 Rh5 42.Rd7
Rfh3 43.Bf4 Ke8 44.Rb7 e5 45.Bg3 e4 46.Rg7 g5 47.Rb7 Rh7 48.Rxb5 R3h5 49.Re5+
Re7 50.Rb5 e3 51.fxe3 Rxe3 52.Bf4 Reh3 53.Rxg5 Rxg5 54.Bxg5 Kd7 55.Bf6 Ke6 56.
Bc3 Kd5 57.a4 Kc6 58.Be1 Re3 59.Bc3 Re4 60.a5 Re3 61.Kf2 Rf3+ 62.Kg2 1/2-1/2

[Event "Individual Zaragoza Primera 2015"]
[Site ""]
[Date "2015.11.15"]
[Round "7.8"]
[White "Navarro Sancho Rafael"]
[Black "Carrasquer Muñoz Alberto"]
[Result "0-1"]
[WhiteElo "1732"]
[BlackElo "1799"]

1.e4 c6 2.d4 d5 3.e5 Bf5 4.Nd2 e6 5.Nb3 Nd7 6.Nf3 h6 7.Be2 Ne7 8.c3 Qb6 9.Bd2
Bh7 10.O-O Nf5 11.Rc1 a5 12.a4 Be7 13.c4 dxc4 14.Bxc4 O-O 15.g4 Nh4 16.Nxh4
Bxh4 17.Be3 Qd8 18.Qd2 Be7 19.f4 Nb6 20.f5 Nxc4 21.Rxc4 Qd5 22.Bxh6 gxh6 23.f6
Kh8 24.fxe7 Rg8 25.h3 Qxc4 26.Qxh6 Rg7 27.g5 Qxb3 28.Qh4 Qe3+ 29.Kh2 Qxg5 0-1

[Event "Individual Zaragoza Primera 2015"]
[Site ""]
[Date "2015.11.15"]
[Round "7.9"]
[White "Iglesias Fernandez Luis"]
[Black "Carreras Villagrasa Pablo"]
[Result "1-0"]
[WhiteElo "1764"]
[BlackElo "1548"]

1.e4 e6 2.d4 d5 3.Nd2 c5 4.exd5 Qxd5 5.Ngf3 Nc6 6.Bc4 Qd8 7.Nb3 cxd4 8.Nbxd4
Bd7 9.Nb5 a6 10.Nd6+ Bxd6 11.Qxd6 Qe7 12.Bf4 Rd8 13.O-O-O Nf6 14.Ne5 Qxd6 15.
Rxd6 O-O 16.Rhd1 Bc8 17.Nxc6 Rde8 18.Na7 Ne4 19.Nxc8 Rxc8 20.R6d4 Nc5 21.Bd6
Rfe8 22.Bxc5 Rxc5 23.Bb3 b5 24.a4 Kf8 25.Rd6 Rf5 26.axb5 axb5 27.f3 Re5 28.c3
Rc5 29.R1d4 1-0

[Event "Individual Zaragoza Primera 2015"]
[Site ""]
[Date "2015.11.15"]
[Round "7.10"]
[White "Arrieta Otero Germán"]
[Black "Merin Flores Miguel Angel"]
[Result "1/2-1/2"]
[WhiteElo "1641"]
[BlackElo "1732"]

1.e4 c6 2.d4 d5 3.Nc3 dxe4 4.Nxe4 Nd7 5.Nf3 Ngf6 6.Nxf6+ Nxf6 7.Bc4 e6 8.O-O
Be7 9.Re1 O-O 10.Qd3 Re8 11.c3 Qc7 12.Bb3 b6 13.Bc2 a5 14.Bg5 Ba6 15.c4 g6 16.
Ne5 Nh5 17.Bxe7 Rxe7 18.b3 Rd8 19.Rad1 Bb7 20.Qe3 Kg7 21.Be4 f5 22.Bf3 Nf6 23.
Rd3 Nd7 24.Nxd7 Rdxd7 25.Qe5+ 1/2-1/2

[Event "Individual Zaragoza Primera 2015"]
[Site ""]
[Date "2015.11.15"]
[Round "7.11"]
[White "Martin Pastor Iván"]
[Black "Rubio Tello Abel"]
[Result "1-0"]
[WhiteElo "1743"]
[BlackElo "1864"]

1.e4 e6 2.d4 d5 3.Bd3 dxe4 4.Bxe4 Nf6 5.Bf3 Be7 6.Ne2 O-O 7.O-O c5 8.Be3 Nbd7
9.Ng3 Qc7 10.Qe2 Rb8 11.c4 cxd4 12.Bxd4 b6 13.Nc3 a6 14.Rfe1 Bb7 15.Nce4 Rfc8
16.b3 Qf4 17.Nxf6+ Bxf6 18.Bxb7 Rxb7 19.Bxf6 Nxf6 20.Rad1 Rbc7 21.Qe5 Qxe5 22.
Rxe5 Rd7 23.Rxd7 Nxd7 24.Re1 Kf8 25.Kf1 Nc5 26.Rd1 Ke7 27.Ke2 b5 28.cxb5 axb5
29.Rc1 Kd8 30.Ke3 Nd7 31.Rxc8+ Kxc8 32.Kd3 Kc7 33.Kc3 Nf6 34.Ne2 Nd5+ 35.Kd4
Kb6 36.a3 Kc6 37.g3 Kd6 38.Nc3 Nc7 39.Ne4+ Kc6 40.Ng5 Nd5 41.Nxf7 h6 42.Ne5+
Kd6 43.Nd3 Nf6 44.f3 Nd7 45.Kc3 e5 46.Kb4 Kc6 47.Ka5 g5 48.Kb4 g4 49.fxg4 e4
50.Nf4 Ne5 51.h3 Nf3 52.h4 Nh2 53.g5 hxg5 54.hxg5 Kd6 55.g6 Ke7 56.a4 bxa4 57.
bxa4 e3 58.Nd5+ Kf8 59.Nxe3 Kg7 60.a5 Nf3 61.Nf5+ Kxg6 62.Nh4+ Nxh4 63.gxh4
1-0

[Event "Individual Zaragoza Primera 2015"]
[Site ""]
[Date "2015.11.15"]
[Round "7.12"]
[White "Gimeno Royo José Andrés"]
[Black "Moreno Martin-Viveros Alvaro"]
[Result "0-1"]
[WhiteElo "1694"]
[BlackElo "1806"]

1.d4 d5 2.Nf3 c6 3.Bf4 Qb6 4.Qc1 Nf6 5.h3 Bf5 6.e3 e6 7.Nbd2 Nbd7 8.c4 c5 9.
Be2 Be7 10.O-O O-O 11.Nh4 cxd4 12.Nxf5 exf5 13.exd4 Qxd4 14.Be3 Qe5 15.Nf3 Qc7
16.Nd4 g6 17.Nb5 Qc6 18.Bh6 Rfe8 19.cxd5 Nxd5 20.Qxc6 bxc6 21.Bf3 cxb5 22.Bxd5
Rac8 23.Rfd1 Nb6 24.Be3 Nxd5 25.Rxd5 a6 26.Rad1 Red8 27.Rd7 Rxd7 28.Rxd7 Bf6
29.b3 Kg7 30.Rd6 Be5 31.Rxa6 f4 32.Bd2 Rc2 33.Bb4 Rc1+ 34.Kh2 f3+ 35.g3 Rc2
36.Be1 Re2 0-1

[Event "Individual Zaragoza Primera 2015"]
[Site ""]
[Date "2015.11.15"]
[Round "7.13"]
[White "Salas Calvo Alberto"]
[Black "Ruiz Gutierrez José Manuel"]
[Result "0-1"]
[WhiteElo "1670"]
[BlackElo "1795"]

1.d4 Nf6 2.Bg5 Ne4 3.Bf4 c5 4.f3 Nf6 5.dxc5 Qa5+ 6.Nc3 Qxc5 7.e4 d6 8.Qd2 a6
9.g4 h6 10.h4 Nc6 11.O-O-O e5 12.Be3 Qa5 13.Kb1 Be6 14.Nd5 Bxd5 15.Qxa5 Nxa5
16.exd5 b5 17.b3 Be7 18.Nh3 e4 19.g5 Nh5 20.fxe4 Ng3 21.Rg1 Nxe4 22.Bd4 hxg5
23.hxg5 f6 24.gxf6 gxf6 25.Nf4 Kf7 26.Bd3 Ng5 27.Bg6+ Kf8 28.Rdf1 Rh4 29.Rxg5
fxg5 30.Ng2+ Kg8 31.Nxh4 gxh4 32.Bf7+ Kh7 33.Be6 Bg5 34.Rg1 Bf4 35.Rg4 Bg3 36.
Bf6 Rf8 37.Bxh4 Rf1+ 38.Kb2 Be5+ 39.Ka3 Nb7 40.Bg3 Bc3 41.Rf4 b4+ 42.Ka4 Ra1
43.Rf7+ Kg6 0-1

[Event "Individual Zaragoza Primera 2015"]
[Site ""]
[Date "2015.11.15"]
[Round "7.14"]
[White "Garcia Mendez Beatriz"]
[Black "Galvez Longas Isaac"]
[Result "1-0"]
[WhiteElo "1766"]
[BlackElo "1718"]

1.e4 c6 2.d4 d5 3.exd5 cxd5 4.c4 Nf6 5.Nc3 e6 6.Nf3 Be7 7.cxd5 Nxd5 8.Bc4 Nxc3
9.bxc3 Qc7 10.Qd3 Nd7 11.Bd2 b6 12.O-O Bb7 13.Bb3 Rd8 14.Rfd1 O-O 15.Bc2 g6
16.Bh6 Rfe8 17.Ng5 Bxg5 18.Bxg5 Rc8 19.Bd2 Qc6 20.Qh3 Qd5 21.Bb3 Qf5 22.Qxf5
gxf5 23.c4 Nf6 24.Rac1 Kg7 25.Bc3 Kg6 26.f3 Red8 27.Bb2 Rc7 28.Rd2 Rdc8 29.
Rcd1 Ba6 30.d5 exd5 31.cxd5 Rd7 32.d6 Ne8 33.Be5 f6 34.Bf4 Ng7 35.g4 fxg4 36.
fxg4 Bc4 37.Bc2+ Kf7 38.Bxh7 Be6 39.h3 Rc3 40.Rd3 Rxd3 41.Rxd3 Ne8 42.Rd2 a6
43.Kf2 b5 44.Kg3 Ng7 45.h4 Bc4 46.a3 a5 47.h5 Kf8 48.h6 Ne6 49.Bf5 Kg8 50.
Bxe6+ Bxe6 51.Rc2 Kh7 52.Rc5 Rb7 53.Rc7+ Rxc7 54.dxc7 b4 55.axb4 axb4 56.Bd2
b3 57.Bc3 b2 58.Bxb2 Kxh6 59.Bxf6 Kg6 60.g5 Kf5 61.Kf3 Bd7 62.Ke3 Ke6 63.Kf4
Bc8 64.Be5 Kf7 65.Bf6 Ke6 66.Ke4 Kd7 67.Be5 Ke6 68.g6 Ke7 69.Kd5 Bf5 70.g7
Be6+ 71.Kc6 Bc8 72.g8=Q 1-0

[Event "Individual Zaragoza Primera 2015"]
[Site ""]
[Date "2015.11.15"]
[Round "7.15"]
[White "Martinez Saenz Esteban"]
[Black "Carrasquer Alonso Luis"]
[Result "0-1"]
[WhiteElo "1761"]
[BlackElo "1647"]

1.d4 d5 2.Nf3 Nf6 3.e3 e6 4.Bd3 c5 5.b3 Nc6 6.Bb2 a6 7.c4 cxd4 8.exd4 b6 9.
Nbd2 Be7 10.O-O O-O 11.Rc1 Nb4 12.Bb1 dxc4 13.bxc4 b5 14.Ne5 Bb7 15.a3 Nc6 16.
Ndf3 bxc4 17.Nxc4 Nd5 18.Nce5 Rc8 19.Rxc6 Bxc6 20.Qc2 Nf6 21.Nxc6 Qe8 22.Nxe7+
Qxe7 23.Qd2 Rb8 24.a4 Qb7 25.Ba3 Rfc8 26.h3 Qc6 27.a5 Rb5 28.Ne5 Qc7 29.Ng4
Nd5 30.Qd3 g6 31.Bc5 Qxa5 32.Rc1 Qa1 33.Nh6+ Kg7 34.Nxf7 Kxf7 35.Qf3+ Kg7 36.
Qe4 Nf6 37.Qd3 Rcb8 38.Ba3 Rxb1 39.Rxb1 Rxb1+ 40.Kh2 Rd1 41.Qxa6 Qxd4 42.Qa8
Qd8 43.Qf3 Qd3 44.Qb7+ Qd7 45.Qb4 Qc7+ 46.g3 Qd8 47.Qc5 Rd5 48.Qb4 Rd2 49.Qf4
Qd4 50.Qc7+ Qd7 51.Qc5 Qf7 52.Qe3 Rxf2+ 53.Kg1 Rf5 54.g4 Rd5 55.Bb2 Rd1+ 56.
Kf2 Kg8 57.Ke2 Rd8 58.Qb6 Qe7 59.Qf2 Kf7 60.Bc3 e5 61.g5 Rd7 62.gxf6 Qxf6 63.
Qg3 Re7 0-1

[Event "Individual Zaragoza Primera 2015"]
[Site ""]
[Date "2015.11.15"]
[Round "7.16"]
[White "Pintanel Torres Manuel"]
[Black "Marin Fuertes Angel Maria"]
[Result "1-0"]
[WhiteElo "1551"]
[BlackElo "1871"]

1.e4 c5 2.Nf3 e6 3.Bb5 a6 4.Be2 Nc6 5.d4 cxd4 6.Nxd4 Qc7 7.Be3 Nf6 8.Nd2 Be7
9.c3 O-O 10.Qc2 Nxd4 11.Bxd4 e5 12.Be3 b5 13.Bf3 Bb7 14.O-O Rac8 15.Rac1 d5
16.Bg5 dxe4 17.Nxe4 Nxe4 18.Bxe7 Qxe7 19.Bxe4 f5 20.Bxf5 Bxg2 21.Bxh7+ Kh8 22.
Kxg2 Rc6 23.Be4 Rh6 24.Rh1 Qg5+ 25.Kf1 Rf4 26.Rg1 Qh4 27.f3 Rhf6 28.Qg2 Qh6
29.Re1 Rh4 30.Qg5 Qxg5 31.Rxg5 Rxh2 32.Rxe5 g6 33.Re2 Rh4 34.Bd5 Kg7 35.Re8
Rd6 36.R2e7+ Kh6 37.Rh8+ Kg5 38.Rxh4 Kxh4 39.Be4 g5 40.Ke2 Kg3 41.Rg7 Kf4 42.
Rg6 1-0

[Event "Individual Zaragoza Primera 2015"]
[Site ""]
[Date "2015.11.15"]
[Round "7.17"]
[White "Glaria Tevar Salvador"]
[Black "Miranda Blasco Fernando"]
[Result "0-1"]
[WhiteElo "1846"]
[BlackElo "1644"]

1.e4 c6 2.d4 d5 3.f3 e6 4.Be3 c5 5.Bb5+ Nc6 6.Nc3 a6 7.Bxc6+ bxc6 8.dxc5 Nf6
9.Nge2 Nd7 10.exd5 exd5 11.Nd4 Bb7 12.Nb3 a5 13.a4 Ba6 14.Qd2 Bc4 15.O-O-O
Bxb3 16.cxb3 Nxc5 17.Qe2 Ne6 18.f4 Be7 19.f5 Nc7 20.f6 Bxf6 21.Bb6+ Be7 22.
Rhe1 Qd6 23.Qxe7+ Qxe7 24.Bxc7 Qxe1 25.Rxe1+ Kd7 26.Bb6 Kd6 27.Bd4 f6 28.Bf2
Rhe8 29.Rd1 h5 30.Kc2 g5 31.Rd2 h4 32.h3 Rab8 33.g3 Rb7 34.gxh4 gxh4 35.Bxh4
f5 36.Bg3+ Kd7 37.Bf4 Rb4 38.Bg5 Reb8 39.Nxd5 cxd5 40.Rxd5+ Ke6 41.Rd3 Ke5 42.
Bd2 Rh4 43.Bxa5 Ke4 44.Bc3 f4 45.b4 Rg8 46.b5 Rg2+ 47.Bd2 f3 48.Re3+ Kf4 49.
Re7+ Kg3 50.b6 f2 51.b7 Rh8 52.Rg7+ Kxh3 53.Rf7 Rd8 54.Kd1 Rxd2+ 55.Kxd2 f1=Q+
0-1

[Event "Individual Zaragoza Primera 2015"]
[Site ""]
[Date "2015.11.15"]
[Round "7.18"]
[White "Pascual Sesé Lucas"]
[Black "Arteaga Jimenez Francisco"]
[Result "0-1"]
[WhiteElo "1755"]
[BlackElo "1622"]

1.e4 d6 2.d4 Nf6 3.Nc3 g6 4.f4 Bg7 5.Be2 a6 6.Nf3 O-O 7.h3 c6 8.O-O Nbd7 9.Bd3
Qc7 10.Ne2 e5 11.Ng3 exd4 12.Kh1 c5 13.Bc4 b5 14.Bd5 Nxd5 15.exd5 Nb6 16.Nh4
Qe7 17.Nf3 Nxd5 18.Re1 Qc7 19.Ng5 Bb7 20.f5 h6 21.N5e4 Rae8 22.Rb1 Nf6 23.
Nxf6+ Bxf6 24.Bxh6 Qc6 25.Re2 Rxe2 26.Qxe2 Re8 27.Qf2 Bg7 28.Bxg7 Kxg7 29.f6+
Kh7 30.Nf5 Qxg2+ 31.Qxg2 Bxg2+ 32.Kxg2 gxf5 33.Kf2 Kg6 34.Rg1+ Kxf6 35.b3 Rh8
36.Rg3 Rh4 37.Kg2 f4 38.Rg8 b4 39.Rd8 Ke7 40.Ra8 f3+ 41.Kxf3 Rxh3+ 42.Kg2 Rc3
0-1

[Event "Individual Zaragoza Primera 2015"]
[Site ""]
[Date "2015.11.15"]
[Round "7.19"]
[White "Peña Gil José Alejandro"]
[Black "Castera Montagud Rafael"]
[Result "0-1"]
[WhiteElo "1573"]
[BlackElo "1727"]

1.d4 Nf6 2.Nf3 e6 3.c4 d5 4.Nc3 Bb4 5.Bd2 c5 6.a3 cxd4 7.Nxd4 Bxc3 8.Bxc3 O-O
9.cxd5 Nxd5 10.Rc1 Nxc3 11.bxc3 Bd7 12.e3 Nc6 13.Be2 Qe7 14.Qb3 Na5 15.Qb4 Qg5
16.O-O b6 17.f4 Qh6 18.Rf3 Nc6 19.Qb1 f5 20.Rh3 Qf6 21.Bf3 Rac8 22.Qd3 Rfd8
23.g4 Nxd4 24.exd4 Bc6 25.g5 Qf7 26.Bh5 g6 27.Be2 Be4 28.Qe3 Qd7 29.Rd1 Bd5
30.Rg3 Rc7 31.Kf2 Rdc8 32.Rc1 Qa4 33.h4 Qxa3 34.Qd2 a5 35.h5 Qd6 36.Re1 a4 37.
Ra1 a3 38.Ba6 Ra8 39.Bb5 a2 40.hxg6 hxg6 41.Ke3 Rh7 42.c4 Qa3+ 43.Qd3 Qxd3+
44.Kxd3 Be4+ 45.Kc3 Ra3+ 46.Kb4 Rxg3 47.Rxa2 Rf7 48.Ra6 Rb7 49.Ra8+ Kg7 50.Rd8
Rg1 51.Rd6 Kf7 52.Rd8 Ra7 53.Rh8 Rb1+ 54.Kc3 Ra3+ 55.Kd2 Ra2+ 0-1

[Event "Individual Zaragoza Primera 2015"]
[Site ""]
[Date "2015.11.15"]
[Round "7.20"]
[White "Balabán Adrián"]
[Black "Navarro Rubio Rafael"]
[Result "1-0"]
[WhiteElo "1690"]
[BlackElo "1595"]

1.Nf3 Nf6 2.g3 g6 3.Bg2 Bg7 4.O-O O-O 5.d4 d5 6.Nc3 c6 7.Bd2 Re8 8.Re1 Bf5 9.
Nh4 Qc8 10.Nxf5 Qxf5 11.f3 e5 12.e4 Qd7 13.dxe5 Rxe5 14.Bf4 Re7 15.exd5 Rxe1+
16.Qxe1 cxd5 17.Qd2 Nc6 18.Rd1 Rd8 19.Bg5 Ne7 20.Ne2 Qc6 21.c3 Kf8 22.Nd4 Qb6
23.Be3 Qa6 24.a3 b6 25.Re1 Qc8 26.Bh6 Bxh6 27.Qxh6+ Ke8 28.Bh3 Qc5 29.Qg7 Rd6
30.Qh8+ 1-0

[Event "Individual Zaragoza Primera 2015"]
[Site ""]
[Date "2015.11.15"]
[Round "7.21"]
[White "Budria Gimenez Daniel"]
[Black "Miranda Herrera Miguel"]
[Result "1-0"]
[WhiteElo "1681"]
[BlackElo "1318"]

1.d4 d5 2.Nf3 Nf6 3.g3 g6 4.Bg2 Bg7 5.c4 c6 6.Qc2 Bf5 7.Qb3 Qc7 8.O-O Nbd7 9.
Bf4 Qc8 10.Nbd2 O-O 11.cxd5 c5 12.Rac1 b6 13.Ne5 Nxe5 14.dxe5 Nd7 15.e4 Bg4
16.f3 Nxe5 17.fxg4 Nxg4 18.Nf3 e5 19.Bg5 h6 20.Bd2 Re8 21.d6 Qc6 22.h3 Qxe4
23.hxg4 Qxg4 24.Qxf7+ Kxf7 25.Nxe5+ Ke6 26.Nxg4 1-0

[Event "Individual Zaragoza Primera 2015"]
[Site ""]
[Date "2015.11.15"]
[Round "7.22"]
[White "Redolar Cortés Angel"]
[Black "Molla Lorente Joaquín"]
[Result "1-0"]
[WhiteElo "1567"]
[BlackElo "1666"]

1.e4 e6 2.Nf3 d5 3.exd5 exd5 4.d4 Nf6 5.Be2 Bf5 6.Be3 Bd6 7.Nbd2 h6 8.O-O O-O
9.c4 Re8 10.Qb3 b6 11.Rac1 Be6 12.cxd5 Bxd5 13.Bc4 Bxc4 14.Nxc4 Bf8 15.Nce5
Nd5 16.Rfe1 Qd6 17.Bf4 Nxf4 18.Qxf7+ 1-0

[Event "Individual Zaragoza Primera 2015"]
[Site ""]
[Date "2015.11.15"]
[Round "7.23"]
[White "Vallejo Blasco Arturo"]
[Black "Vallejo Blasco Marta"]
[Result "1/2-1/2"]
[WhiteElo "1662"]
[BlackElo "1471"]

1.d4 d5 2.Nf3 c6 3.c3 Nf6 4.Bg5 Bf5 5.e3 e6 6.Bd3 Bg6 7.Bc2 Nbd7 8.Nbd2 Bd6 9.
O-O O-O 10.Bf4 Qc7 11.Bxd6 Qxd6 12.Re1 e5 13.e4 dxe4 14.Nxe4 Nxe4 15.Bxe4 exd4
16.Nxd4 Rfe8 17.Qc2 Bxe4 18.Rxe4 Nf6 19.Ree1 Nd5 20.Qd2 Rad8 21.Rad1 Qf6 22.c4
Nf4 23.Nf5 Rxe1+ 24.Rxe1 Ne6 25.Qc2 Nd4 26.Nxd4 Qxd4 27.g3 1/2-1/2

[Event "Individual Zaragoza Primera 2015"]
[Site ""]
[Date "2015.11.15"]
[Round "7.24"]
[White "Enguita Ibarra Hugo"]
[Black "Fernández Sierra Pedro José"]
[Result "0-1"]
[WhiteElo "1506"]
[BlackElo "1653"]

1.e4 e6 2.d4 d5 3.exd5 exd5 4.c4 c6 5.Nc3 Nf6 6.Nf3 Bg4 7.Be3 Bb4 8.a3 Bxc3+
9.bxc3 Qa5 10.Bd2 O-O 11.cxd5 Re8+ 12.Be2 Bxf3 13.gxf3 Qxd5 14.Be3 Ng4 15.c4
Nxe3 16.fxe3 Qg5 17.e4 Nd7 18.Qc1 Qe7 19.Qf4 Nf6 20.Rg1 Rad8 21.e5 Nd7 22.Qg5
f6 23.Qh6 fxe5 24.Bd3 exd4+ 25.Kf1 Nf6 26.Rg3 Rd7 27.a4 Qe3 28.f4 Qd2 29.Qxf6
Qxd3+ 30.Rxd3 gxf6 31.Rad1 c5 32.Kf2 Rde7 33.Rg1+ Rg7 34.Rb1 Rge7 35.Rg1+ Kf7
36.Kg2 Re3 37.Rdd1 Rg8+ 0-1

[Event "Individual Zaragoza Primera 2015"]
[Site ""]
[Date "2015.11.15"]
[Round "7.25"]
[White "Zubialde Ayala Gonzalo"]
[Black "Argueso Palomino Manuel"]
[Result "0-1"]
[WhiteElo "1851"]
[BlackElo "1709"]

1.e4 d6 2.Nf3 Nd7 3.Bc4 e5 4.d4 Be7 5.Nc3 c6 6.O-O Ngf6 7.dxe5 dxe5 8.Ng5 O-O
9.f4 b5 10.Bd3 h6 11.Nf3 Qc7 12.f5 Nc5 13.Qe1 Rd8 14.Qg3 b4 15.Bxh6 Bf8 16.Bg5
Be7 17.Ne2 Nxd3 18.cxd3 Rxd3 19.Qxe5 Bd6 20.Bxf6 Bxe5 21.Bxe5 Qb6+ 22.Bd4 c5
23.Bf2 Bb7 24.Ng3 Re8 25.Rfe1 Qb5 26.Rac1 c4 27.Nd4 Qa6 28.e5 c3 29.bxc3 bxc3
30.Nh5 Qxa2 31.Rc2 Qa5 32.Nf4 Rd2 33.Nb3 Qa4 34.Rxc3 Rxf2 35.Kxf2 Qxf4+ 36.Kg1
Qxf5 37.Nd4 Qg4 0-1

[Event "Individual Zaragoza Primera 2015"]
[Site ""]
[Date "2015.11.15"]
[Round "7.26"]
[White "Ibañez Lasheras Ramón"]
[Black "Nuñez Gonzalez Victor Antonio"]
[Result "1/2-1/2"]
[WhiteElo "1680"]
[BlackElo "1824"]

1.d4 Nf6 2.Nf3 e6 3.c4 b6 4.g3 Bb7 5.Bg2 c5 6.e3 d6 7.O-O Qc7 8.Nc3 a6 9.d5
exd5 10.cxd5 b5 11.e4 Be7 12.Re1 Nbd7 13.Bf4 Ng4 14.Rc1 O-O 15.h3 Nge5 16.Nxe5
Nxe5 17.Bxe5 dxe5 18.Qg4 Bd6 19.Nd1 Bc8 20.Qh5 f5 21.Ne3 Qf7 22.Qxf7+ Rxf7 23.
exf5 Bxf5 24.f4 exf4 25.gxf4 Re8 26.Nxf5 Rxe1+ 27.Rxe1 Rxf5 28.Re6 Rf6 29.f5
a5 30.Bf1 c4 31.Rxf6 gxf6 32.a4 bxa4 33.Bxc4 Kf7 34.Bb5 a3 35.bxa3 Bxa3 36.Kg2
Ke7 37.Kf3 Kd6 38.Ke4 1/2-1/2

[Event "Individual Zaragoza Primera 2015"]
[Site ""]
[Date "2015.11.15"]
[Round "7.27"]
[White "Abad Viñas Jesús Manuel"]
[Black "Lorente Latorre Antonio"]
[Result "1-0"]
[WhiteElo "1810"]
[BlackElo "1632"]

1.e4 e5 2.Bc4 Nf6 3.d3 Be7 4.f4 Nc6 5.Nf3 d6 6.O-O a6 7.Nc3 Be6 8.Nd5 Qd7 9.
Ng5 h6 10.Nxe6 fxe6 11.Nxf6+ Bxf6 12.Qh5+ Qf7 13.Qxf7+ Kxf7 14.f5 Nd8 15.a4 c6
16.Be3 d5 17.fxe6+ Kxe6 18.exd5+ cxd5 19.Bb3 Kd6 20.d4 Nc6 21.dxe5+ Bxe5 22.
Rad1 d4 23.c3 Kc5 24.Bf2 b5 25.Rfe1 Rae8 26.Bf7 Re7 27.cxd4+ Kb4 28.Bd5 Nxd4
29.Rxd4+ Bxd4 30.Rxe7 Bxf2+ 31.Kxf2 Rf8+ 32.Ke3 Kxa4 33.Rxg7 Rf6 34.Rf7 Rd6
35.Kd4 Kb4 36.Rf4 Ka5 37.Kc5 1-0

[Event "Individual Zaragoza Primera 2015"]
[Site ""]
[Date "2015.11.15"]
[Round "7.28"]
[White "Abenia Porroche Roberto"]
[Black "Arias Alvarez Alberto"]
[Result "1-0"]
[WhiteElo "1634"]
[BlackElo "1785"]

1.Nf3 Nf6 2.g3 g6 3.Bg2 Bg7 4.d4 d5 5.c4 c6 6.cxd5 cxd5 7.Nc3 O-O 8.O-O Nc6 9.
Qb3 e6 10.Bf4 a6 11.Rac1 h6 12.Na4 b5 13.Rxc6 bxa4 14.Qd3 Qe8 15.Rcc1 Ne4 16.
Nd2 f5 17.Nxe4 fxe4 18.Qc3 Qb5 19.Rfe1 Bd7 20.Bd6 Rfc8 21.Bc5 Rc6 22.e3 Rac8
23.Qd2 Bf8 24.Bf1 Qb7 25.Bxf8 Kxf8 26.Rxc6 Bxc6 27.Qa5 Bb5 28.Qb4+ Kf7 29.h4
Rc2 30.a3 Qc6 31.b3 axb3 32.Qxb3 Rc1 33.Qb4 Ke8 34.Bh3 Kd7 35.Kg2 Qc3 36.Rxc1
Qxc1 37.Kh2 Qc2 38.Qf8 Be2 39.Qf7+ Kc6 40.Qxe6+ Kc7 41.Qd7+ Kb6 42.Qxd5 Bf3
43.Qd6+ Kb5 44.Bd7+ Kc4 45.Qxa6+ Kc3 46.Qc6+ Kd2 47.Qxc2+ 1-0

[Event "Individual Zaragoza Primera 2015"]
[Site ""]
[Date "2015.11.15"]
[Round "7.30"]
[White "Soriano Martinez Adolfo"]
[Black "Rodrigo Bordetas David"]
[Result "0-1"]
[WhiteElo "1476"]
[BlackElo "1754"]

1.e4 Nf6 2.Nc3 d5 3.exd5 Nxd5 4.Nxd5 Qxd5 5.Nf3 Bg4 6.Be2 Nd7 7.b3 e5 8.Bb2
Bd6 9.Bc4 Qe4+ 10.Be2 Qg6 11.Nh4 Bxe2 12.Qxe2 Qxc2 13.d3 Bb4+ 14.Kf1 Qxe2+ 15.
Kxe2 O-O-O 16.a3 Be7 17.Nf5 Bf6 18.Rhd1 g6 19.Nh6 Rhf8 20.b4 Bg5 21.Bc1 Be7
22.Ng4 f5 23.Ne3 Nb6 24.Nc4 Nd5 25.Bb2 Nf4+ 26.Kf1 Nxd3 27.Bxe5 Nxe5 28.Nxe5
Bf6 29.Rxd8+ Rxd8 30.Re1 Re8 31.Nf3 Rxe1+ 32.Kxe1 Bb2 33.a4 Bc3+ 34.Ke2 Bxb4
35.Ng5 Kd7 36.Nxh7 Be7 37.f4 Kd6 38.Ng5 Bxg5 39.fxg5 Ke5 40.g3 c5 41.h4 a6 42.
a5 f4 43.g4 c4 44.h5 gxh5 45.gxh5 Kf5 46.g6 Kf6 47.Kf3 c3 48.Kxf4 c2 0-1

[Event "Individual Zaragoza Primera 2015"]
[Site ""]
[Date "2015.11.15"]
[Round "7.31"]
[White "Pellicer Sancho Rafael José"]
[Black "Sedano Jover Adrián"]
[Result "1-0"]
[WhiteElo "1739"]
[BlackElo "1534"]

1.d4 d5 2.c4 e6 3.Nc3 Nf6 4.Bg5 Nbd7 5.Nf3 Be7 6.e3 h6 7.Bh4 c6 8.Bg3 Nh5 9.
Bd3 Nxg3 10.fxg3 dxc4 11.Bxc4 O-O 12.O-O Nb6 13.Bb3 Nd5 14.Nxd5 exd5 15.Qd3 g6
16.e4 dxe4 17.Qxe4 Bf5 18.Qe3 Bb4 19.Qxh6 Bg4 20.Qxg6+ Kh8 21.Qxg4 Qf6 22.Ng5
Qg6 23.Bxf7 1-0

[Event "Individual Zaragoza Primera 2015"]
[Site ""]
[Date "2015.11.15"]
[Round "7.32"]
[White "Celma Pueyo Ramón"]
[Black "Manguez Cambra José Luis"]
[Result "0-1"]
[WhiteElo "1594"]
[BlackElo "1712"]

1.d4 Nf6 2.c4 e6 3.Nc3 Bb4 4.Qc2 b6 5.a3 Bxc3+ 6.Qxc3 Bb7 7.Bg5 d6 8.Nf3 h6 9.
Bh4 Nbd7 10.e3 g5 11.Bg3 Ne4 12.Qd3 f5 13.Nd2 Ndf6 14.f3 Nxg3 15.hxg3 Qe7 16.
Be2 O-O-O 17.O-O-O h5 18.Rhg1 h4 19.gxh4 Rxh4 20.g3 Rh3 21.Bf1 Rh2 22.Rg2 Rdh8
23.Qe2 Rh1 24.Qf2 Qh7 25.Bd3 Qh6 26.Rxh1 Qxh1+ 27.Rg1 Qh6 28.Kc2 g4 29.f4 Qh2
30.Qxh2 Rxh2 31.Kc3 Nh5 32.e4 Rh3 33.exf5 Nxg3 34.Rxg3 Rxg3 35.fxe6 Kd8 36.d5
Rh3 37.Ne4 Rf3 38.f5 Rxf5 39.Nc5 Rf3 40.Ne4 g3 41.Ng5 Re3 42.Nh3 g2 43.Ng1 Re1
44.Nf3 Rf1 0-1

[Event "Individual Zaragoza Primera 2015"]
[Site ""]
[Date "2015.11.15"]
[Round "7.33"]
[White "Laborda Pérez José Antonio"]
[Black "Lozano Velez De Mendizábal Francisco"]
[Result "0-1"]
[WhiteElo "1588"]
[BlackElo "1694"]

1.d4 d5 2.Nf3 Nf6 3.Bf4 e6 4.e3 c5 5.Be2 Be7 6.h3 Qb6 7.Qc1 Nc6 8.dxc5 Bxc5 9.
O-O O-O 10.Nc3 Bd7 11.Na4 Qa5 12.Nxc5 Qxc5 13.a3 Rfc8 14.c3 a5 15.Rd1 a4 16.
Bd3 Ne4 17.Bxe4 dxe4 18.Ng5 e5 19.Nxe4 Qe7 20.Bg5 f6 21.Bh4 Bf5 22.Nd6 Bxh3
23.gxh3 Rd8 24.Ne4 Qe6 25.Rxd8+ Rxd8 26.Qf1 Qf5 27.Qg2 Kh8 28.Qg4 Qxg4+ 29.
hxg4 Na5 30.Kf1 Nc4 31.Rb1 Rd2 32.Nxd2 Nxd2+ 33.Ke2 Nxb1 34.Kd1 g5 35.Bg3 Kg7
36.Kc2 Nxa3+ 37.bxa3 Kg6 38.c4 e4 39.Kc3 f5 40.gxf5+ Kxf5 41.Kb4 h5 42.Kxa4
Kg4 43.Kb5 Kf3 44.Kc5 h4 45.Bd6 Kxf2 46.Kd4 Kf3 47.Be7 h3 48.Bd6 g4 49.c5 g3
50.c6 bxc6 51.a4 h2 52.a5 h1=Q 0-1

[Event "Individual Zaragoza Primera 2015"]
[Site ""]
[Date "2015.11.15"]
[Round "7.34"]
[White "Muro Guerrero Miguel"]
[Black "Lluciá Marco Luis"]
[Result "1-0"]
[WhiteElo "1664"]
[BlackElo "1583"]

1.e4 e5 2.Nf3 Nc6 3.d4 exd4 4.Nxd4 Nxd4 5.Qxd4 d6 6.Nc3 Nf6 7.Bg5 Be7 8.O-O-O
O-O 9.Bc4 Ng4 10.Bxe7 Qxe7 11.h3 Ne5 12.Nd5 Qd7 13.Be2 Re8 14.f4 Nc6 15.Qd3
Ne7 16.Ne3 Qa4 17.a3 Bd7 18.Bf3 Rab8 19.g4 Bc6 20.Ng2 Ng6 21.Rde1 Re7 22.Re3
Rbe8 23.Rhe1 b5 24.h4 b4 25.h5 Nf8 26.g5 bxa3 27.Qxa3 Qd4 28.Qd3 Qb4 29.f5 Rb8
30.Qc3 Re5 31.Qxb4 Rxb4 32.Rc3 Bxe4 33.Bxe4 Rbxe4 34.Rxe4 Rxe4 35.Rxc7 Rg4 36.
Ne3 Rxg5 37.Nd5 f6 38.Ne7+ Kf7 39.Nc8+ Kg8 40.Rxa7 Rxh5 41.b4 g5 42.b5 g4 43.
Ra3 Rh3 44.Ra4 h5 45.b6 g3 46.b7 Nd7 47.Nb6 g2 48.Nxd7 g1=Q+ 49.Kb2 Kh7 50.
b8=Q Rh1 51.Nxf6+ Kh6 52.Qh8+ Kg5 53.Qg7+ Kxf5 54.Ra5+ Ke6 55.Qd7+ Kxf6 56.
Rf5+ Kg6 57.Qe6+ Kh7 58.Rf7+ Qg7+ 59.Rxg7+ Kxg7 60.Qd7+ Kh6 61.Qxd6+ Kg7 62.
Qd4+ Kf8 63.Qf2+ Ke7 64.Qg2 Rd1 65.Qe2+ 1-0

[Event "Individual Zaragoza Primera 2015"]
[Site ""]
[Date "2015.11.15"]
[Round "7.35"]
[White "Lanaspa Ballesteros Federico"]
[Black "Cortés Sobrevilla Cecilio"]
[Result "1-0"]
[WhiteElo "1476"]
[BlackElo "1664"]

1.d4 d6 2.e4 c6 3.Nc3 Nd7 4.Nf3 h6 5.e5 Nb6 6.Bf4 e6 7.exd6 Nf6 8.Be2 Bxd6 9.
Ne5 Qc7 10.O-O Nfd7 11.Nxd7 Bxf4 12.Nxb6 Bxh2+ 13.Kh1 axb6 14.g3 Bxg3 15.fxg3
Qxg3 16.Bf3 e5 17.Qe1 Qh3+ 18.Kg1 O-O 19.Bg2 Qg4 20.Qxe5 Ra5 21.Rf4 Rxe5 22.
Rxg4 Re7 23.Re4 Rd7 24.Bh3 f5 25.Rf4 Rdf7 26.Na4 g5 27.Rff1 g4 28.Bg2 h5 29.
Nxb6 Kg7 30.Rf4 Be6 31.a4 Rd8 32.c4 Kg6 33.d5 cxd5 34.Nxd5 h4 35.Raf1 h3 36.
Bh1 Kg5 37.Kh2 Re8 38.Kg3 Bxd5 39.Bxd5 Re3+ 40.Kh2 Rf6 41.c5 Re2+ 42.R4f2 Re5
43.Rd2 f4 44.Bxb7 g3+ 45.Kg1 Rxc5 46.Rd5+ Rf5 47.Rxf5+ Kxf5 48.b4 h2+ 49.Kh1
Rc4 50.a5 Rxb4 51.a6 Ra4 52.Bc8+ Ke5 53.Re1+ Kd6 54.Bb7 Kc7 55.Kg2 Kb6 56.Kh1
Ka7 57.Rf1 Rd4 58.Kg2 Rd2+ 59.Kh3 Rf2 60.Rd1 Rd2 61.Rxd2 1-0